000
00291nam a22001337a 4500
008
171016b xxu||||| |||| 00| 0 eng d
020
_a
9790538430851
041
_a
eng
080
_a
33
100
_a
52
101
_a
MAK
245
_a
ECONOMICS IN OUR TIMES
_c
BROWN, R.W
942
_2
udc
_c
BK
999
_c
34108
_d
34108